000 00650cam a22001811i 4500
082 _a624.177
_bSTR
_cL-20, P-44.
100 1 _aHool, George A.,
_942398
245 1 0 _aStructural members and connections,
_ccompiled by a staff of specialists; editors-in-chief: George A. Hool ... and W.S. Kinne ...
250 _a1st ed.
260 _aNew York [etc.]
_bMcGraw-Hill Book Company, inc.,
_c1923.
300 _axviii, 611 p.
_billus., diagrs.
_c24 cm.
526 _a0
_b0
_c0
_d624_177000000000000_STR
650 0 _aBuilding.
650 0 _aMCE
_9379
650 0 _aStructural analysis (Engineering)
_9654
700 1 _aKinne, W. S.
_942400
942 _2ddc
_cBK
999 _c546742
_d546742